Statystyki dla 15 najbardziej dotkniętych krajów Covid-19 - 7 lipiec 2021

Kliknij tutaj aby rozwiązać quiz!

Ogólne statystyki

  • Ten quiz został rozwiązany 22 razy
  • Średni wynik to 15 z 27

Statystyki odpowiedzi

kraj% Poprawnych
Polska
100%
Niemcy
95%
Rosja
95%
Stany Zjednoczone
95%
Francja
90%
Hiszpania
90%
Włochy
90%
Wielka Brytania
86%
Brazylia
81%
Argentyna
71%
Indie
71%
Meksyk
71%
Szwecja
62%
Czechy
48%
Turcja
43%
Belgia
38%
Kolumbia
38%
Holandia
33%
Iran
24%
Urugwaj
24%
Estonia
19%
Izrael
19%
Litwa
19%
Słowenia
19%
Gruzja
14%
Panama
14%
Bahrajn
10%

Rozkład punktacji

Percentyl według liczby udzielonych odpowiedzi

Procent ludzi z każdym wynikiem

Twoja historia wyników

Nie rozwiązałeś tego quizu